Global real estate insights 2010 (Record no. 110545)
[ view plain ]
| 000 -LEADER | |
|---|---|
| fixed length control field | 01002cad a22002175a 4500 |
| 001 - CONTROL NUMBER | |
| control field | E149578 |
| 008 - FIXED-LENGTH DATA ELEMENTS--GENERAL INFORMATION | |
| fixed length control field | 100323s2010 xxkad f s 000 0 eng d |
| 035 ## - SYSTEM CONTROL NUMBER | |
| System control number | (Sirsi) u149578 |
| 041 0# - LANGUAGE CODE | |
| Language code of text/sound track or separate title | eng |
| 050 04 - LIBRARY OF CONGRESS CALL NUMBER | |
| Classification number | 332.642 $2 18 |
| 100 1# - MAIN ENTRY--PERSONAL NAME | |
| Personal name | Chin, Henry |
| 245 00 - TITLE STATEMENT | |
| Title | Global real estate insights 2010 |
| Medium | [electronic resource] |
| 260 ## - PUBLICATION, DISTRIBUTION, ETC. | |
| Place of publication, distribution, etc. | London |
| Name of publisher, distributor, etc. | RREEF |
| Date of publication, distribution, etc. | 2010 |
| 520 ## - SUMMARY, ETC. | |
| Summary, etc. | Suggests that the office market will not substantially recover from the downturn until 2011, with the Asia Pacific region improving first. Also looks at investment strategies and real estate pricing. Highlights core investment themes for 2010. |
| 651 #4 - SUBJECT ADDED ENTRY--GEOGRAPHIC NAME | |
| Geographic name | International |
| 690 ## - LOCAL SUBJECT ADDED ENTRY--TOPICAL TERM (OCLC, RLIN) | |
| Topical term or geographic name as entry element | PROPERTY-COMMERCIAL PROPERTY-COMMERCIAL PROPERTY MARKET |
| 690 ## - LOCAL SUBJECT ADDED ENTRY--TOPICAL TERM (OCLC, RLIN) | |
| Topical term or geographic name as entry element | PROPERTY-COMMERCIAL PROPERTY-COMMERCIAL PROPERTY FINANCE AND INVESTMENT |
| 700 1# - ADDED ENTRY--PERSONAL NAME | |
| Personal name | Hobbs, Peter |
| 856 40 - ELECTRONIC LOCATION AND ACCESS | |
| Uniform Resource Identifier | <a href="https://www.rreef.com/cps/rde/xbcr/ai_en/Global_Real_Estate_Insights2010.pdf">https://www.rreef.com/cps/rde/xbcr/ai_en/Global_Real_Estate_Insights2010.pdf</a> |
| Public note | View the report free of charge (PDF file) at www.rreef.com.... |
| 942 ## - ADDED ENTRY ELEMENTS (KOHA) | |
| Suppress in OPAC | 0 |
| Withdrawn status | Lost status | Source of classification or shelving scheme | Damaged status | Not for loan | Home library | Current library | Shelving location | Date acquired | Total Checkouts | Full call number | Barcode | Date last seen | Copy number | Price effective from | Koha item type |
|---|---|---|---|---|---|---|---|---|---|---|---|---|---|---|---|
| Dewey Decimal Classification | Virtual | Virtual | Online | 23/03/2010 | ONLINE PUBLICATION | 149578-2001 | 06/08/2019 | 1 | 06/08/2019 | Book |